[Event "POL-chT DMP Ekstraliga 2019"]
[Site "Katowice"]
[Date "2019.09.02"]
[Round "6.4"]
[White "Luch, Michal"]
[Black "Simacek, Pavel"]
[Result "1/2-1/2"]
[WhiteElo "2393"]
[BlackElo "2479"]
[Annotator "TA"]
[PlyCount "47"]
[EventDate "2019.08.28"]
[EventType "team-tourn"]
[EventCountry "POL"]
[SourceTitle "playchess.com"]
[Source "ChessBase"]
[SourceQuality "1"]

{[%evp 16,19,31,12,29,14]} 1. d4 Nf6 2. c4 c5 3. d5 e6 4. Nc3 exd5 5. cxd5 d6 6. e4 g6 7. h3 Bg7 8. Nf3 O-O 9. Bd3 b5 {A70: Modern Benoni: 6 e4 g6 7 Nf3} 10. Bxb5 (10. a3 b4 11. Ne2 Re8 12. Qc2 Ba6 13. Nd2 Bxd3 14. Qxd3 Nbd7 15. O-O a5 16. Ng3 h5 17. Re1 {0-1 (38) Mamedyarov,S (2765)-Caruana,F (2819) Paris 2019}) {Predecessor:} 10... Nxe4 $146 11. Nxe4 Qa5+ 12. Nfd2 Qxb5 13. Nxd6 Qa6 14. N2c4 Nd7 15. O-O Ne5 16. Nxc8 Raxc8 17. Nxe5 Bxe5 18. Re1 Rfe8 19. Bg5 Bxb2 20. Rxe8+ Rxe8 21. d6 Bxa1 22. d7 Rf8 23. d8=Q Rxd8 24. Qxd8+ {1-0 (39) Sakaev,K (2584)-Ponkratov,P (2649) Yaroslavl 2019} 1/2-1/2

[Event "POL-chT DMP Ekstraliga 2019"]
[Site "Katowice"]
[Date "2019.09.02"]
[Round "6.5"]
[White "Bobras, Piotr"]
[Black "Butkiewicz, Lukasz"]
[Result "1-0"]
[WhiteElo "2488"]
[BlackElo "2436"]
[Annotator "ChessBase"]
[PlyCount "67"]
[EventDate "2019.08.28"]
[EventType "team-tourn"]
[EventCountry "POL"]
[SourceTitle "playchess.com"]
[Source "ChessBase"]
[SourceQuality "1"]
[TimeControl "40/5400+30:1800+30"]

1. e4 {[%emt 0:00:00]} c6 {[%emt 0:00:00]} 2. d4 {[%emt 0:00:00]} d5 {[%emt 0:00:00]} 3. Nc3 {[%emt 0:00:00]} dxe4 {[%emt 0:00:00]} 4. Nxe4 {[%emt 0:00:00]} Bf5 {[%emt 0:00:00]} 5. Ng3 {[%emt 0:00:00]} Bg6 {[%emt 0:00:00]} 6. h4 {[%emt 0:00:01]} h6 {[%emt 0:00:00]} 7. Nf3 {[%emt 0:00:05]} Nd7 {[%emt 0:00:18]} 8. h5 {[%emt 0:00:21]} Bh7 {[%emt 0:00:04]} 9. Bd3 {[%emt 0:00:06]} Bxd3 {[%emt 0:00:09]} 10. Qxd3 {[%emt 0:00:06]} Ngf6 {[%emt 0:01:26]} 11. Bd2 {[%emt 0:01:57]} e6 {[%emt 0:01:29]} 12. O-O-O {[%emt 0:00:10]} Be7 {[%emt 0:00:07]} 13. Kb1 {[%emt 0:00:15]} O-O {[%emt 0:00:14]} 14. Ne4 {[%emt 0:00:10]} Nxe4 {[%emt 0:01:20]} 15. Qxe4 {[%emt 0:00:05]} Nf6 {[%emt 0:00:06]} 16. Qe2 {[%emt 0:00:54]} Qd5 {[%emt 0:00:11]} 17. Be3 {[%emt 0:05:41]} b5 {[%emt 0:01:32]} 18. Ne5 {[%emt 0:02:00]} Bd6 {[%emt 0:01:11]} 19. Nd3 {[%emt 0:08:34]} a5 {[%emt 0:02:46]} 20. g4 {[%emt 0:01:52]} a4 {[%emt 0:02:56]} 21. Rhg1 {[%emt 0:32:16]} a3 {[%emt 0:20:04]} 22. b3 {[%emt 0:00:09]} Ne4 {[%emt 0:01:56]} 23. Qe1 {[%emt 0:00:22]} f6 {[%emt 0:05:04]} 24. c3 {[%emt 0:19:21]} Rad8 {[%emt 0:08:38]} 25. Kc2 {[%emt 0:01:28]} Kh8 {[%emt 0:21:12]} 26. Qe2 {[%emt 0:03:47]} f5 {[%emt 0:08:46]} 27. g5 {[%emt 0:08:00]} f4 {[%emt 0:02:59]} 28. gxh6 {[%emt 0:02:00]} gxh6 {[%emt 0:00:07]} 29. Rg6 {[%emt 0:05:23]} Kh7 {[%emt 0:00:58]} 30. Bc1 {[%emt 0:02:41]} Ng5 {[%emt 0:01:17]} 31. Rg1 {[%emt 0:02:18]} Qf5 {[%emt 0:01:31]} 32. Qg4 {[%emt 0:02:12]} Qd5 {[%emt 0:02:23]} 33. Re1 {[%emt 0:01:33]} c5 {[%emt 0:05:07]} 34. Rexe6 {[%emt 0:00:51]} 1-0

[Event "POL-chT DMP Ekstraliga 2019"]
[Site "Katowice"]
[Date "2019.09.02"]
[Round "6.6"]
[White "Bartel, Marta"]
[Black "Kiolbasa, Oliwia"]
[Result "1/2-1/2"]
[WhiteElo "2244"]
[BlackElo "2244"]
[Annotator "NA"]
[PlyCount "81"]
[EventDate "2019.08.28"]
[EventType "team-tourn"]
[EventCountry "POL"]
[SourceTitle "playchess.com"]
[Source "ChessBase"]
[SourceQuality "1"]
[TimeControl "40/5400+30:1800+30"]

1. d4 {[%emt 0:00:00]} Nf6 {[%emt 0:00:00]} 2. c4 {[%emt 0:00:00]} e6 {[%emt 0:00:00]} 3. g3 {[%emt 0:01:39]} c5 {[%emt 0:00:01]} 4. d5 {[%emt 0:00:46]} exd5 {[%emt 0:00:25]} 5. cxd5 {[%emt 0:00:05]} b5 {[%emt 0:00:11]} 6. Bg2 {[%emt 0:00:53]} Bb7 {[%emt 0:00:37]} 7. e4 {[%emt 0:02:35]} d6 {[%emt 0:00:31]} 8. Ne2 {[%emt 0:04:06]} g6 {[%emt 0:02:26]} 9. a4 {[%emt 0:06:29]} b4 {[%emt 0:14:58]} 10. Nd2 {[%emt 0:20:20]} Bg7 {[%emt 0:00:13]} 11. Nc4 {[%emt 0:01:25]} O-O {[%emt 0:07:53]} 12. Bf4 {[%emt 0:01:59]} Ne8 {[%emt 0:00:08]} 13. Qc2 {[%emt 0:07:53]} Na6 {[%emt 0:01:29]} 14. O-O {[%emt 0:00:36]} Rb8 {[%emt 0:05:56]} 15. Nc1 {[%emt 0:04:29]} f5 {[%emt 0:12:57]} 16. Qd2 {[%emt 0:16:33]} fxe4 {[%emt 0:01:57]} 17. Bxe4 {[%emt 0:00:16]} Nac7 {[%emt 0:00:06]} 18. Na5 {[%emt 0:09:09]} Rxf4 {[%emt 0:04:41]} 19. Nxb7 {[%emt 0:04:16]} Rxb7 {[%emt 0:00:27]} 20. gxf4 {[%emt 0:01:30]} Qh4 {[%emt 0:03:30]} 21. Bg2 {[%emt 0:01:02]} Nf6 {[%emt 0:01:09]} 22. h3 {[%emt 0:02:41]} Bh6 {[%emt 0:04:42]} 23. Ne2 {[%emt 0:00:35]} Nh5 {[%emt 0:01:04]} 24. Qe3 {[%emt 0:02:21]} Rb8 {[%emt 0:02:33]} 25. Rae1 {[%emt 0:01:23]} Re8 {[%emt 0:14:36]} 26. Qf3 {[%emt 0:00:09]} Rf8 {[%emt 0:00:11]} 27. Qg4 {[%emt 0:01:52]} Qxg4 {[%emt 0:04:51]} 28. hxg4 {[%emt 0:00:02]} Nxf4 {[%emt 0:00:06]} 29. Nxf4 {[%emt 0:00:15]} Bxf4 {[%emt 0:00:05]} 30. Re7 {[%emt 0:02:10]} Rf7 {[%emt 0:00:05]} 31. Rfe1 {[%emt 0:00:41]} g5 {[%emt 0:03:48]} 32. b3 {[%emt 0:01:21]} Kf8 {[%emt 0:01:10]} 33. Rxf7+ {[%emt 0:00:20]} Kxf7 {[%emt 0:00:01]} 34. Kf1 {[%emt 0:00:40]} a5 {[%emt 0:03:12]} 35. Ke2 {[%emt 0:00:33]} c4 {[%emt 0:01:23]} 36. bxc4 {[%emt 0:01:00]} Na6 {[%emt 0:00:01]} 37. Rh1 {[%emt 0:02:01]} Kg7 {[%emt 0:00:10]} 38. Be4 {[%emt 0:01:20]} h6 {[%emt 0:00:08]} 39. Bc2 {[%emt 0:00:59]} Nc5 {[%emt 0:00:51]} 40. Rb1 {[%emt 0:00:00]} Be5 {[%emt 0:00:00]} 41. Kf3 {[%emt 0:05:34]} 1/2-1/2

[Event "POL-chT DMP Ekstraliga 2019"]
[Site "Katowice"]
[Date "2019.09.02"]
[Round "6.7"]
[White "Huschenbeth, Niclas"]
[Black "Heberla, Bartlomiej"]
[Result "1-0"]
[WhiteElo "2620"]
[BlackElo "2552"]
[Annotator "TA"]
[PlyCount "81"]
[EventDate "2019.08.28"]
[EventType "team-tourn"]
[EventCountry "POL"]
[SourceTitle "playchess.com"]
[Source "ChessBase"]
[SourceQuality "1"]

{[%evp 13,81,13,21,19,21,21,13,0,17,16,35,22,19,21,23,14,25,6,28,8,14,0,11,12,17,17,12,5,31,33,27,33,100,108,147,141,135,143,134,139,142,136,134,149,164,167,170,167,172,162,178,170,161,158,167,162,182,181,186,186,198,169,209,200,350,343,361,338,411,374]} 1. e4 e5 2. Nf3 Nf6 3. Nxe5 d6 4. Nf3 Nxe4 5. Nc3 Nxc3 6. dxc3 Be7 7. Be3 Nd7 8. Qd2 {C42: Petroff Defence: 3 Nxe5 and unusual White 3rd moves} Nf6 9. O-O-O O-O 10. Bd3 {The position is equal.} c5 11. Rhe1 Be6 12. Kb1 (12. Bg5 d5 13. Qf4 Re8 14. Re5 Qc7 15. Qh4 h6 16. Bxh6 {½-½ (100) Navara,D (2739)-Gelfand,B (2655) Prague 2019}) 12... Qa5 13. c4 Qxd2 14. Bxd2 Rfe8 $146 ({Predecessor:} 14... h6 15. h3 Rfe8 {0-1 (35) Nihal,S (2578)-Sadhwani,R (2451) chess.com INT 2019}) 15. Bc3 h6 16. h3 Rad8 17. g4 Nd7 18. Be4 $36 {[%mdl 2048] Black is under pressure.} Nb6 19. Ba5 Bxc4 20. Bxb7 {And now Bc6 would win.} Bb5 21. b3 Rb8 22. Be4 Bf6 (22... Bd7 $14) 23. Rxd6 $16 Nc4 24. Rxf6 $1 gxf6 25. Bc7 Ne5 26. Nxe5 Rbc8 27. Bd6 {[#] Strongly threatening c4.} fxe5 28. c4 Bc6 {White must now prevent ...Bxe4+.} 29. Bf5 Rcd8 30. Bxc5 a6 31. Kc2 e4 32. Be3 Kg7 33. Rg1 Rd3 34. h4 Red8 35. h5 f6 36. Re1 a5 37. Bc1 R8d4 38. Re2 Rd1 (38... Rh3 $142 39. Be3 Rd3) 39. Bd2 $18 Rf1 40. Bxa5 Rdd1 41. Bb6 {Accuracy: White = 89%, Black = 44%.} 1-0

[Event "POL-chT DMP Ekstraliga 2019"]
[Site "Katowice"]
[Date "2019.09.02"]
[Round "6.8"]
[White "Maksimenko, Andrei"]
[Black "Hracek, Zbynek"]
[Result "1/2-1/2"]
[WhiteElo "2468"]
[BlackElo "2572"]
[Annotator "TA"]
[PlyCount "42"]
[EventDate "2019.08.28"]
[EventType "team-tourn"]
[EventCountry "POL"]
[SourceTitle "playchess.com"]
[Source "ChessBase"]
[SourceQuality "1"]

{[%evp 20,42,21,5,12,0,13,0,10,7,5,0,12,0,0,0,7,0,0,0,0,0,0,0,0]} 1. d4 Nf6 2. c4 e6 3. Nc3 d5 4. Bg5 Be7 5. e3 O-O 6. Nf3 h6 7. Bh4 Ne4 8. Bxe7 Qxe7 9. Rc1 Nxc3 10. Rxc3 c6 11. Qc2 {The position is equal.} Nd7 {[%cal Bb8d7,Bd7f6,Bf6e4][%mdl 32] D56: Queen's Gambit Declined: Lasker Defence} 12. Be2 dxc4 13. Rxc4 e5 14. O-O exd4 (14... a5 15. Rc1 Re8 16. a3 Nb6 17. Rc5 Nd7 18. Rc3 exd4 19. Nxd4 Nf6 20. Rc4 Bd7 21. Bf3 {½-½ (35) Aronian,L (2777)-Caruana,F (2811) Zuerich 2015}) 15. Rxd4 Nf6 16. Rfd1 {[#]} c5 $146 ({Predecessor:} 16... Be6 17. b4 Rfd8 18. a3 Rxd4 19. Rxd4 a5 20. Qb2 axb4 21. Rxb4 {0-1 (43) Bacrot,E (2707)-Roiz,M (2611) Rishon Le Ziyyon 2006}) 17. Rd6 b6 18. h3 Ne4 19. R6d5 {[#] Hoping for Re5.} Nf6 $1 {[%cal Rf6d5]} 20. Rd6 Ne4 21. R6d5 {And now Re5 would win.} Nf6 $1 1/2-1/2

[Event "POL-chT DMP Ekstraliga 2019"]
[Site "Katowice"]
[Date "2019.09.02"]
[Round "6.9"]
[White "Markowski, Tomasz"]
[Black "Piesik, Piotr"]
[Result "1/2-1/2"]
[WhiteElo "2537"]
[BlackElo "2409"]
[Annotator "ChessBase"]
[PlyCount "98"]
[EventDate "2019.08.28"]
[EventType "team-tourn"]
[EventCountry "POL"]
[SourceTitle "playchess.com"]
[Source "ChessBase"]
[SourceQuality "1"]
[TimeControl "40/5400+30:1800+30"]

1. d4 {[%emt 0:00:00]} g6 {[%emt 0:00:18]} 2. Nf3 {[%emt 0:00:00]} Bg7 {[%emt 0:00:04]} 3. c3 {[%emt 0:00:48]} d6 {[%emt 0:01:07]} 4. e4 {[%emt 0:00:46]} Nd7 {[%emt 0:01:09]} 5. Bd3 {[%emt 0:00:33]} e5 {[%emt 0:00:46]} 6. O-O {[%emt 0:00:16]} Ngf6 {[%emt 0:00:24]} 7. Re1 {[%emt 0:00:47]} O-O {[%emt 0:00:42]} 8. Nbd2 {[%emt 0:04:18]} b6 {[%emt 0:05:37]} 9. Bf1 {[%emt 0:04:43]} Bb7 {[%emt 0:01:33]} 10. d5 {[%emt 0:00:57]} h6 {[%emt 0:08:58]} 11. c4 {[%emt 0:01:51]} a5 {[%emt 0:07:58]} 12. Nb1 {[%emt 0:03:01]} Nh7 {[%emt 0:03:41]} 13. Nc3 {[%emt 0:01:33]} f5 {[%emt 0:03:17]} 14. exf5 {[%emt 0:00:16]} gxf5 {[%emt 0:00:04]} 15. g3 {[%emt 0:00:04]} Nc5 {[%emt 0:03:34]} 16. Be3 {[%emt 0:04:17]} Qf6 {[%emt 0:05:06]} 17. Nh4 {[%emt 0:03:08]} Ng5 {[%emt 0:06:26]} 18. Qc2 {[%emt 0:09:18]} Rae8 {[%emt 0:07:37]} 19. Rad1 {[%emt 0:02:15]} Bc8 {[%emt 0:09:48]} 20. f4 {[%emt 0:01:25]} exf4 {[%emt 0:01:15]} 21. Bxf4 {[%emt 0:00:05]} Nce4 {[%emt 0:04:37]} 22. Nb5 {[%emt 0:02:28]} Re7 {[%emt 0:02:53]} 23. Bg2 {[%emt 0:06:59]} Rfe8 {[%emt 0:01:08]} 24. Rf1 {[%emt 0:01:48]} Qxb2 {[%emt 0:05:24]} 25. Qxb2 {[%emt 0:00:17]} Bxb2 {[%emt 0:00:04]} 26. Bxg5 {[%emt 0:00:30]} Nxg5 {[%emt 0:00:29]} 27. Nxf5 {[%emt 0:01:00]} Bxf5 {[%emt 0:00:31]} 28. Rxf5 {[%emt 0:00:07]} Re1+ {[%emt 0:04:52]} 29. Rxe1 {[%emt 0:03:14]} Rxe1+ {[%emt 0:00:07]} 30. Rf1 {[%emt 0:00:07]} Re7 {[%emt 0:00:55]} 31. h4 {[%emt 0:02:40]} Nf7 {[%emt 0:00:07]} 32. Bh3 {[%emt 0:00:58]} Kg7 {[%emt 0:01:03]} 33. Be6 {[%emt 0:02:35]} Nd8 {[%emt 0:00:55]} 34. Bg4 {[%emt 0:03:57]} Bf6 {[%emt 0:00:46]} 35. Kg2 {[%emt 0:06:24]} Nb7 {[%emt 0:01:08]} 36. Bf5 {[%emt 0:02:23]} Nc5 {[%emt 0:01:08]} 37. Rf4 {[%emt 0:01:06]} Re2+ {[%emt 0:04:03]} 38. Rf2 {[%emt 0:03:20]} Re7 {[%emt 0:00:16]} 39. Kh3 {[%emt 0:02:42]} Na6 {[%emt 0:03:50]} 40. Rf4 {[%emt 0:00:00]} Be5 {[%emt 0:00:00]} 41. Rg4+ {[%emt 0:08:42]} Kf6 {[%emt 0:05:08]} 42. Be4 {[%emt 0:01:57]} Rg7 {[%emt 0:04:27]} 43. Rxg7 {[%emt 0:00:15]} Kxg7 {[%emt 0:00:01]} 44. Kg4 {[%emt 0:00:25]} Kf6 {[%emt 0:01:34]} 45. Kf3 {[%emt 0:00:42]} Bb2 {[%emt 0:01:26]} 46. Bc2 {[%emt 0:03:32]} Nb4 {[%emt 0:05:54]} 47. Bb1 {[%emt 0:00:24]} Na6 {[%emt 0:00:03]} 48. Bc2 {[%emt 0:08:41]} Nb4 {[%emt 0:00:20]} 49. Bb1 {[%emt 0:00:02]} Na6 {[%emt 0:00:12]} 1/2-1/2

[Event "POL-chT DMP Ekstraliga 2019"]
[Site "Katowice"]
[Date "2019.09.02"]
[Round "6.10"]
[White "Simantsev, Mikhail"]
[Black "Nasuta, Grzegorz"]
[Result "1/2-1/2"]
[WhiteElo "2346"]
[BlackElo "2533"]
[Annotator "ChessBase"]
[PlyCount "85"]
[EventDate "2019.08.28"]
[EventType "team-tourn"]
[EventCountry "POL"]
[SourceTitle "playchess.com"]
[Source "ChessBase"]
[SourceQuality "1"]
[TimeControl "40/5400+30:1800+30"]

1. d4 {[%emt 0:00:00]} Nf6 {[%emt 0:00:00]} 2. c4 {[%emt 0:00:00]} g6 {[%emt 0:00:00]} 3. f3 {[%emt 0:00:00]} d5 {[%emt 0:00:00]} 4. cxd5 {[%emt 0:00:00]} Nxd5 {[%emt 0:00:00]} 5. e4 {[%emt 0:00:00]} Nb6 {[%emt 0:00:03]} 6. Nc3 {[%emt 0:00:00]} Bg7 {[%emt 0:00:11]} 7. Be3 {[%emt 0:00:00]} O-O {[%emt 0:00:22]} 8. Qd2 {[%emt 0:00:00]} Nc6 {[%emt 0:00:39]} 9. O-O-O {[%emt 0:00:00]} Qd6 {[%emt 0:00:08]} 10. Nb5 {[%emt 0:00:05]} Qd7 {[%emt 0:00:25]} 11. Kb1 {[%emt 0:00:04]} Rd8 {[%emt 0:01:43]} 12. d5 {[%emt 0:00:04]} a6 {[%emt 0:00:35]} 13. Nc3 {[%emt 0:00:06]} Qe8 {[%emt 0:00:07]} 14. Qc1 {[%emt 0:00:28]} Na5 {[%emt 0:00:36]} 15. h4 {[%emt 0:00:03]} e6 {[%emt 0:00:17]} 16. Bf4 {[%emt 0:00:02]} Qe7 {[%emt 0:03:28]} 17. Bg5 {[%emt 0:03:54]} f6 {[%emt 0:15:14]} 18. Bd2 {[%emt 0:00:53]} exd5 {[%emt 0:09:14]} 19. Nxd5 {[%emt 0:06:44]} Nxd5 {[%emt 0:00:37]} 20. Bxa5 {[%emt 0:00:31]} Nb6 {[%emt 0:04:28]} 21. Rxd8+ {[%emt 0:12:21]} Qxd8 {[%emt 0:00:02]} 22. Bxb6 {[%emt 0:06:23]} cxb6 {[%emt 0:00:44]} 23. Bc4+ {[%emt 0:00:05]} Kh8 {[%emt 0:16:21]} 24. h5 {[%emt 0:05:10]} gxh5 {[%emt 0:01:01]} 25. Ne2 {[%emt 0:34:24]} Bd7 {[%emt 0:12:40]} 26. Ng3 {[%emt 0:26:26]} Be8 {[%emt 0:00:42]} 27. Bd5 {[%emt 0:04:09]} Rc8 {[%emt 0:03:44]} 28. Qf4 {[%emt 0:01:25]} Bg6 {[%emt 0:07:46]} 29. Nf5 {[%emt 0:00:01]} Qd7 {[%emt 0:07:34]} 30. Rd1 {[%emt 0:01:04]} Bxf5 {[%emt 0:12:21]} 31. exf5 {[%emt 0:00:01]} Qc7 {[%emt 0:00:23]} 32. Qxc7 {[%emt 0:00:54]} Rxc7 {[%emt 0:00:01]} 33. Be4 {[%emt 0:00:41]} Bh6 {[%emt 0:00:52]} 34. a3 {[%emt 0:00:26]} Kg7 {[%emt 0:00:09]} 35. Rh1 {[%emt 0:00:24]} Rd7 {[%emt 0:03:10]} 36. Rxh5 {[%emt 0:00:02]} Rd1+ {[%emt 0:00:24]} 37. Ka2 {[%emt 0:00:02]} Rd2 {[%emt 0:00:06]} 38. g4 {[%emt 0:01:10]} Bf4 {[%emt 0:00:18]} 39. Rh1 {[%emt 0:00:09]} Be5 {[%emt 0:00:53]} 40. Rb1 {[%emt 0:00:00]} a5 {[%emt 0:00:00]} 41. Bxb7 {[%emt 0:09:12]} h5 {[%emt 0:04:57]} 42. gxh5 {[%emt 0:02:37]} Kh6 {[%emt 0:00:04]} 43. Kb3 {[%emt 0:02:09]} 1/2-1/2

[Event "POL-chT DMP Ekstraliga 2019"]
[Site "Katowice"]
[Date "2019.09.02"]
[Round "6.11"]
[White "Jakubowski, Krzysztof"]
[Black "Szustakowski, Antoni"]
[Result "0-1"]
[WhiteElo "2518"]
[BlackElo "2256"]
[Annotator "ChessBase"]
[PlyCount "93"]
[EventDate "2019.08.28"]
[EventType "team-tourn"]
[EventCountry "POL"]
[SourceTitle "playchess.com"]
[Source "ChessBase"]
[SourceQuality "1"]
[TimeControl "40/5400+30:1800+30"]

1. g3 {[%emt 0:00:00]} d5 {[%emt 0:00:00]} 2. Bg2 {[%emt 0:00:00]} Nf6 {[%emt 0:00:00]} 3. f4 {[%emt 0:00:03]} g6 {[%emt 0:00:00]} 4. Nf3 {[%emt 0:00:08]} Bg7 {[%emt 0:00:00]} 5. O-O {[%emt 0:00:06]} O-O {[%emt 0:00:06]} 6. d3 {[%emt 0:00:04]} c5 {[%emt 0:00:05]} 7. Qe1 {[%emt 0:00:07]} d4 {[%emt 0:03:22]} 8. h3 {[%emt 0:00:37]} Qc7 {[%emt 0:02:04]} 9. Na3 {[%emt 0:04:36]} Nc6 {[%emt 0:03:31]} 10. g4 {[%emt 0:04:49]} Rb8 {[%emt 0:16:49]} 11. Qh4 {[%emt 0:10:09]} e6 {[%emt 0:17:11]} 12. e4 {[%emt 0:11:13]} dxe3 {[%emt 0:01:05]} 13. Bxe3 {[%emt 0:00:07]} Nb4 {[%emt 0:10:11]} 14. Rae1 {[%emt 0:14:01]} b5 {[%emt 0:05:01]} 15. Qf2 {[%emt 0:16:35]} Na6 {[%emt 0:04:35]} 16. c4 {[%emt 0:08:21]} bxc4 {[%emt 0:04:42]} 17. dxc4 {[%emt 0:00:12]} Ne4 {[%emt 0:02:46]} 18. Qc2 {[%emt 0:00:19]} Rxb2 {[%emt 0:03:34]} 19. Qxe4 {[%emt 0:00:45]} Bb7 {[%emt 0:00:06]} 20. Qd3 {[%emt 0:03:30]} Rd8 {[%emt 0:00:25]} 21. Nb5 {[%emt 0:00:01]} Rxd3 {[%emt 0:00:49]} 22. Nxc7 {[%emt 0:00:04]} Nxc7 {[%emt 0:00:05]} 23. Bxc5 {[%emt 0:00:03]} Na6 {[%emt 0:12:36]} 24. Bxa7 {[%emt 0:00:59]} Rxa2 {[%emt 0:00:16]} 25. Rf2 {[%emt 0:04:10]} Rxf2 {[%emt 0:03:27]} 26. Kxf2 {[%emt 0:00:05]} Rc3 {[%emt 0:00:14]} 27. Rd1 {[%emt 0:13:20]} Rxc4 {[%emt 0:01:17]} 28. Ne5 {[%emt 0:00:01]} Rxf4+ {[%emt 0:02:54]} 29. Ke3 {[%emt 0:02:12]} Bxe5 {[%emt 0:00:21]} 30. Bxb7 {[%emt 0:00:34]} Nc7 {[%emt 0:00:07]} 31. g5 {[%emt 0:02:43]} h6 {[%emt 0:01:35]} 32. gxh6 {[%emt 0:00:56]} Kh7 {[%emt 0:00:03]} 33. Rd7 {[%emt 0:00:30]} Kxh6 {[%emt 0:01:17]} 34. Ke2 {[%emt 0:00:24]} Kg7 {[%emt 0:01:32]} 35. Kd3 {[%emt 0:03:18]} Ne8 {[%emt 0:01:20]} 36. Rd8 {[%emt 0:00:23]} Nf6 {[%emt 0:00:55]} 37. Ke2 {[%emt 0:01:14]} Rb4 {[%emt 0:00:31]} 38. Bf3 {[%emt 0:00:29]} Rb2+ {[%emt 0:00:05]} 39. Kf1 {[%emt 0:00:03]} Rb1+ {[%emt 0:00:17]} 40. Kg2 {[%emt 0:00:00]} Nh5 {[%emt 0:00:00]} 41. Be3 {[%emt 0:01:29]} Rb2+ {[%emt 0:06:14]} 42. Rd2 {[%emt 0:00:43]} Rb3 {[%emt 0:00:20]} 43. Re2 {[%emt 0:00:20]} Ng3 {[%emt 0:03:07]} 44. Bh6+ {[%emt 0:01:53]} Kxh6 {[%emt 0:00:22]} 45. Rxe5 {[%emt 0:00:06]} Nf5 {[%emt 0:00:05]} 46. Re4 {[%emt 0:00:26]} g5 {[%emt 0:00:27]} 47. Be2 {[%emt 0:00:27]} 0-1

[Event "POL-chT DMP Ekstraliga 2019"]
[Site "Katowice"]
[Date "2019.09.02"]
[Round "6.12"]
[White "Antolak, Julia"]
[Black "Buksa, Nataliya"]
[Result "0-1"]
[WhiteElo "2240"]
[BlackElo "2406"]
[Annotator "NA"]
[PlyCount "68"]
[EventDate "2019.08.28"]
[EventType "team-tourn"]
[EventCountry "POL"]
[SourceTitle "playchess.com"]
[Source "ChessBase"]
[SourceQuality "1"]
[TimeControl "40/5400+30:1800+30"]

1. e4 {[%emt 0:00:00]} e5 {[%emt 0:00:00]} 2. Nf3 {[%emt 0:00:00]} Nc6 {[%emt 0:00:00]} 3. Bb5 {[%emt 0:00:00]} a6 {[%emt 0:00:00]} 4. Ba4 {[%emt 0:00:00]} Nf6 {[%emt 0:00:00]} 5. O-O {[%emt 0:00:04]} Nxe4 {[%emt 0:00:00]} 6. d4 {[%emt 0:01:05]} b5 {[%emt 0:00:00]} 7. Bb3 {[%emt 0:00:06]} d5 {[%emt 0:00:00]} 8. dxe5 {[%emt 0:00:17]} Be6 {[%emt 0:00:00]} 9. c3 {[%emt 0:01:07]} Be7 {[%emt 0:00:20]} 10. Be3 {[%emt 0:00:26]} Nc5 {[%emt 0:00:18]} 11. Bxc5 {[%emt 0:16:14]} Bxc5 {[%emt 0:00:04]} 12. Nd4 {[%emt 0:00:19]} Nxe5 {[%emt 0:29:30]} 13. Re1 {[%emt 0:29:09]} Qf6 {[%emt 0:03:05]} 14. Qh5 {[%emt 0:08:15]} Bxd4 {[%emt 0:03:50]} 15. cxd4 {[%emt 0:00:09]} Nd3 {[%emt 0:00:05]} 16. Rxe6+ {[%emt 0:00:14]} Qxe6 {[%emt 0:00:34]} 17. Nc3 {[%emt 0:00:18]} O-O {[%emt 0:16:48]} 18. Qf3 {[%emt 0:15:41]} Nb4 {[%emt 0:00:35]} 19. a3 {[%emt 0:13:41]} Rae8 {[%emt 0:00:04]} 20. Qd1 {[%emt 0:05:52]} Nc6 {[%emt 0:21:47]} 21. Bxd5 {[%emt 0:01:36]} Qf6 {[%emt 0:01:37]} 22. Be4 {[%emt 0:01:32]} Nxd4 {[%emt 0:00:41]} 23. Qd3 {[%emt 0:00:28]} h6 {[%emt 0:00:53]} 24. Rd1 {[%emt 0:00:24]} c5 {[%emt 0:00:11]} 25. b4 {[%emt 0:01:21]} cxb4 {[%emt 0:01:42]} 26. axb4 {[%emt 0:00:05]} Nc6 {[%emt 0:02:30]} 27. Rb1 {[%emt 0:02:01]} Qd4 {[%emt 0:01:20]} 28. Qf3 {[%emt 0:01:18]} Nxb4 {[%emt 0:00:31]} 29. Qf5 {[%emt 0:00:40]} g6 {[%emt 0:00:04]} 30. Qf3 {[%emt 0:00:13]} Na2 {[%emt 0:00:33]} 31. Nd5 {[%emt 0:00:47]} Kg7 {[%emt 0:05:00]} 32. Bc2 {[%emt 0:00:41]} b4 {[%emt 0:01:27]} 33. Rd1 {[%emt 0:01:01]} Nc3 {[%emt 0:00:14]} 34. Nxc3 {[%emt 0:01:12]} Qxc3 {[%emt 0:00:02]} 0-1

[Event "POL-chT DMP Ekstraliga 2019"]
[Site "Katowice"]
[Date "2019.09.02"]
[Round "6.13"]
[White "Wojtaszek, Radoslaw"]
[Black "Piorun, Kacper"]
[Result "1-0"]
[WhiteElo "2739"]
[BlackElo "2660"]
[Annotator "TA"]
[PlyCount "95"]
[EventDate "2019.08.28"]
[EventType "team-tourn"]
[EventCountry "POL"]
[SourceTitle "playchess.com"]
[Source "ChessBase"]
[SourceQuality "1"]

{[%evp 9,95,25,29,27,24,24,38,19,19,0,0,0,10,1,24,18,26,12,15,-6,34,23,29,0,0,0,0,0,0,0,0,0,0,0,0,0,17,17,17,17,17,17,17,16,14,10,60,62,89,60,50,47,134,136,125,112,128,105,106,104,106,111,118,111,110,127,132,76,402,183,619,630,1116,995,1267,1274,1561,1495,2229,2405,1855,2355,2412,2170,29979,29980,29980,29981]} 1. d4 d5 2. c4 e6 3. Nc3 a6 4. cxd5 exd5 5. Bf4 (5. Nf3 h6 6. Bf4 Nf6 7. e3 Bd6 8. Bxd6 Qxd6 9. Qc2 O-O 10. Bd3 Re8 11. h3 Be6 12. O-O Nbd7 13. a4 {½-½ (40) Shankland,S (2725)-Carlsen,M (2835) Wijk aan Zee 2019}) 5... c6 6. e3 {D31: Queen's Gambit Declined: Semi-Slav without ...Nf6 (+ Marshall Gambit and Noteboom) and Exchange Variation lines without ...Nf6} Bd6 7. Qf3 Ne7 8. Bd3 {White is slightly better.} Bf5 $146 ({Predecessor:} 8... O-O 9. Nge2 Ng6 10. Bxd6 Qxd6 11. Qg3 Qb4 12. Rb1 Nd7 {0-1 (89) Atalik,S (2507)-Vaibhav,S (2544) chess.com INT 2018}) 9. Bxf5 Nxf5 10. Nge2 Nd7 11. h4 Bxf4 12. Qxf4 Ne7 13. h5 h6 14. f3 Qb8 15. Qg4 Qd6 16. e4 dxe4 17. fxe4 O-O 18. O-O c5 19. Rad1 Rad8 20. e5 Qe6 21. Qxe6 fxe6 22. dxc5 {And now Rxf8+ would win.} Rxf1+ 23. Kxf1 Nc6 24. Ne4 Ndxe5 25. Rxd8+ Nxd8 $11 {[%mdl 4096] Endgame KNN-KNN} 26. Nf4 Kf7 27. Ke2 Nec6 28. a3 e5 29. Nd5 Ke6 30. Ne3 Nd4+ ({Better is} 30... Ne7 $1 $14) 31. Kd3 $16 N8c6 32. g4 Ne7 33. b4 Nd5 34. Nxd5 Kxd5 {KN-KN} 35. Nc3+ Ke6 36. a4 Nf3 37. Nd1 $1 Nd4 {[#]} 38. Ne3 $1 Kf6 $2 {[%mdl 8192] [#]} (38... Nc6 $16 {is a better chance.}) 39. Ke4 (39. Nf5 $142 $1 {[%mdl 512]} Ne6 (39... Nxf5 40. gxf5) 40. Nd6) 39... Kg5 $2 (39... Ne2) 40. Nf5 $18 Nc6 41. b5 axb5 42. axb5 Na7 43. Nd6 ({Worse is} 43. c6 Nxc6 44. bxc6 bxc6 $11) 43... Kxg4 44. b6 {[%cal Bb5b6,Bb6b7][%mdl 32]} Nc6 45. Nxb7 Kxh5 46. Nd6 g5 47. b7 g4 48. Nf5 {Accuracy: White = 75%, Black = 42%.} 1-0